=LDR 00000nam 2200000 4500 =001 NUTBA000000000001165 =005 20200304083342 =035 ##$$a 0010-041400000000435 =008 200304################g##########0#ind## =020 ##$$a 979-543-470-5 =082 ##$$a 005.369 =100 ##$$a Efisitek.Com =245 1#$$a Pengolahan suara dengan audacity /$c Efisitek.Com =250 ##$$a cet.1 =260 ##$$a Bandung :$b Yrama Widya,$c 2006 =300 ##$$a 192 hlm : $b Illus ; $c 17 x 11 cm. =084 ##$$a 005.369-Efi-p =650 #4$$a Audacity =990 ##$$a 21003849 =990 ##$$a 21003847 =990 ##$$a 21003850 =990 ##$$a 21003848